000
00215nam a2200085Ia 4500
008
120527s9999 xx 000 0 und d
100
_a
Dodson, Edwrad
245
_a
Genetics: the modern science of heredity
942
_c
BK
999
_c
27356
_d
27356